| 000 | 00514nam a2200217 a 4500 | ||
|---|---|---|---|
| 999 |
_c4477 _d4477 |
||
| 001 | 4477 | ||
| 003 | BD-JhCC | ||
| 005 | 20171127193817.0 | ||
| 008 | 171127s19331956Le |||| || | 000 0 eng d | ||
| 035 | _a(BD-JhCC)4477 | ||
| 040 |
_aBD-JhCC _dBD-JhCC |
||
| 041 | _aeng | ||
| 082 |
_a822.33 _bRID 1956 |
||
| 100 | _aRidley, Arnold | ||
| 245 |
_aThe GhostTrain / _cArnold Ridley, |
||
| 260 |
_aLebanon: _bLongmans, _c1956. |
||
| 300 |
_a103 p. : _c18 cm. |
||
| 650 | _adrama | ||
| 942 |
_2ddc _cBK |
||